000 00705nam a2200181Ia 4500
008 090124s9999 xx 000 0 und d
082 _b26480
100 _aसरदेसाई गो. बा.
245 _a जावे त्याच्या वंशा तेव्हा कळे
250 _a1
260 _bप्रसाद प्रकाशन
_c1988
300 _a104
600 _aसरदेसाई गो. बा.
630 _a जावे त्याच्या वंशा तेव्हा कळे
700 _aसरदेसाई गो. बा.
730 _a जावे त्याच्या वंशा तेव्हा कळे
942 _cBOOK
999 _c93929
_d93929